000 01862nam0a2200385 4500
001 RU\NLR\BIBL_A\011145297
005 20260408193102.0
010 _a978-5-9908236-0-0
_975
021 _aRU
_b2016-41056
_92632
035 _a(NLR Aleph) 011145297
035 _a(NILC)RuMoRGB-008490548
090 _a11641167
_c11641167
100 _a20160602d2016 k y0rusy50 ca
101 0 _arus
_aeng
_deng
102 _aRU
105 _ay|||z|||100yy
200 1 _aАктуальные вопросы политического знания
_fГерценовские чтения 2016
_gпод ред. С. В. Смаль
210 _aСанкт-Петербург
_cЭлекСис
_d2016
215 _a197 с.
_d21
300 _aВ надзаг.: Фак. социальных наук, Российский гос. пед. ун-т им. А. И. Герцена (Герценовский ун-т)
300 _aЧасть текста и рез. ст. на англ. яз.
320 _aБиблиогр. в конце ст.
606 1 _aПолитология
_jСъезды, совещания и т.п
_91294414
_3RU\NLR\AUTH\66217824
606 _aПолитические процессы (ист.)
_jСъезды, совещания и т.п
_3RU\NLR\AUTH\661320013
_92196336
675 _a94(47)
686 1 _aФ.я431
686 1 _aФ3(0)3я431
702 1 _aСмаль
_bС. В.
_gСветлана Владимировна
_4340
711 1 2 _aГерценовские чтения
_eСанкт-Петербург
_f2016
_9520093
_3RU\NLR\AUTH\880427764
801 0 _aRU
_bРГБ
_c20160518
_gRCR
942 _cBOOK
980 _aNBR
980 _aNB